Rezorty reagujú na zmenu tvorby štátneho rozpočtu po starom
Ministerstvo financií chce zmeniť spôsob zostavovania štátneho rozpočtu na r. 2002. Stanovenie maximálne očakávaných príjmov a akceptovateľného deficitu rozpočtu. Rozdelenie štátnych výdavkov na dve základné časti. Snaha znižovať obligatórne výdavky. Požiadavky rezortov. Rozpočet môže ohroziť prípad...
Gespeichert in:
| 1. Verfasser: | |
|---|---|
| Format: | Buchkapitel |
| Sprache: | Slowakisch |
| Schlagworte: | |
| Tags: |
Keine Tags, Fügen Sie das erste Tag hinzu!
|
MARC
| LEADER | 00000naa a2200000 4500 | ||
|---|---|---|---|
| 001 | r041732 | ||
| 005 | 20230921111647.5 | ||
| 041 | 0 | |a slo | |
| 044 | |a SK | ||
| 245 | 1 | 0 | |a Rezorty reagujú na zmenu tvorby štátneho rozpočtu po starom |c Rado Baťo |
| 520 | |a Ministerstvo financií chce zmeniť spôsob zostavovania štátneho rozpočtu na r. 2002. Stanovenie maximálne očakávaných príjmov a akceptovateľného deficitu rozpočtu. Rozdelenie štátnych výdavkov na dve základné časti. Snaha znižovať obligatórne výdavky. Požiadavky rezortov. Rozpočet môže ohroziť prípadné znižovanie daní. Východiská štátneho rozpočtu na r. 2002. | ||
| 610 | 2 | 0 | |a rozpočet štátny |
| 610 | 2 | 0 | |a príjmy rozpočtu štátneho |
| 610 | 2 | 0 | |a výdavky rozpočtu štátneho |
| 610 | 2 | 0 | |a deficit rozpočtový |
| 610 | 2 | 0 | |a dane |
| 610 | 2 | 0 | |a Slovensko |
| 610 | 2 | 0 | |a 2002 |
| 100 | 1 | |a Baťo, Rado | |